000 00239nam a2200097Ia 4500
001 689108
005 20250826161628.0
008 250824s9999 xx 000 0 und d
245 0 _aKÜLTÜR VE DİL
_cMEHMET KAPLAN
260 _bDERGAH YAYINLARI
999 _c689108
_d689108